000 00865 aa a2200241 4500
005 20120612143049.0
010 _a
020 _c50.00
_a
035 _aA-724999
037 _bpub
082 _a615.53
100 _aदीक्षित, राजेश
_948895
245 _aहोम्योपैथी के चमत्कार /
_cराजेश दीक्षित
246 _a
_b
250 _a
260 _aमथुरा
_bभाषा भवन
_c1994
270 _a
_b
_e
300 _a292पृ
_c22 सेमी (सजिल्द)
490 _a
_948896
700 _a
_948865
942 _adpl
_cHN
_k
_2ddc
_h615.53
_mदीक्षित
999 _c67826
_d67826